[Event "Superettan(Stockholms SS-Rockaden,Umea)"]
[Site "?"]
[Date "2009.02.07"]
[Round "5"]
[White "Hammar, Ulf"]
[Black "Evertsson, Lennart"]
[Result "1/2-1/2"]
[WhiteElo "2280"]
[BlackElo "2228"]
[PlyCount "124"]

1. d4 e6 2. Nf3 c5 3. e3 Nf6 4. Bd3 Nc6 5. O-O d5 6. c3 Bd7 7. Nbd2 Qc7 8. a3
cxd4 9. exd4 Bd6 10. Re1 O-O-O 11. c4 h5 12. c5 Bf4 13. Nf1 g5 14. Bb5 Ne4 15.
Bxc6 Bxc6 16. Bxf4 gxf4 17. Ne5 Be8 18. f3 Ng5 19. h4 Nh7 20. Qd2 Rg8 21. Qxf4
Rg7 22. Nd3 Qe7 23. c6 Bxc6 24. Rac1 Qc7 25. Qxc7+ Kxc7 26. Ne5 Nf8 27. Nxc6
bxc6 28. g3 Ng6 29. Kh2 Ne7 30. Ne3 Rdg8 31. Rg1 Rb8 32. Rg2 Rb3 33. Rc3 Rxc3
34. bxc3 c5 35. Rb2 cxd4 36. cxd4 Nc6 37. Rd2 Rg8 38. g4 Kd6 39. gxh5 Rh8 40.
Kh3 f5 41. Kg3 a5 42. Ng2 Rxh5 43. Nf4 Rh7 44. h5 Ke7 45. Kh4 Kf6 46. Ne2 Rb7
47. Rc2 Ne7 48. Rc3 a4 49. Rc1 Rb3 50. Rc3 Rb1 51. f4 Rh1+ 52. Rh3 Re1 53. Nc3
Nc6 54. Rd3 Rg1 55. Kh3 Rg4 56. Nxa4 Rxf4 57. Rg3 Ne7 58. Nc5 Rxd4 59. Nd7+ Kf7
60. Ne5+ Kf6 61. Nd7+ Kf7 62. Ne5+ Kf6 1/2-1/2

[Event "Superettan(Stockholms SS-Rockaden,Umea)"]
[Site "?"]
[Date "2009.02.07"]
[Round "5"]
[White "Nilsson, Mats"]
[Black "Mardell, Jimmy"]
[Result "0-1"]
[WhiteElo "2170"]
[BlackElo "2233"]
[PlyCount "58"]

1. d4 e6 2. c4 Nf6 3. g3 d5 4. Nf3 dxc4 5. Bg2 Be7 6. O-O O-O 7. Qc2 Nbd7 8.
Rd1 Rb8 9. Bf4 Nd5 10. Qxc4 Nxf4 11. gxf4 c5 12. dxc5 Qc7 13. b4 Bf6 14. Nc3
Nb6 15. Qb3 Nd5 16. Nxd5 exd5 17. Ne5 Bxe5 18. fxe5 Qxe5 19. Bxd5 Qxe2 20. Re1
Qh5 21. Qg3 Bd7 22. Re5 Qh6 23. Rd1 Ba4 24. Rde1 Bc6 25. Qg2 Rbc8 26. Re7 Qh5
27. R7e5 Qh6 28. Qf3 g6 29. Re7 Qg5+ 0-1

[Event "Superettan(Stockholms SS-Rockaden,Umea)"]
[Site "?"]
[Date "2009.02.07"]
[Round "5"]
[White "Nygren, David"]
[Black "Carlsten, Peter"]
[Result "1-0"]
[WhiteElo "2245"]
[BlackElo "2096"]
[PlyCount "91"]

1. e4 c5 2. c3 d5 3. exd5 Qxd5 4. d4 Nf6 5. Nf3 g6 6. Be2 cxd4 7. cxd4 Bg7 8.
O-O O-O 9. Nc3 Qd8 10. Qb3 b6 11. Rd1 Ba6 12. Nb5 Nd5 13. Bc4 Bb7 14. Ne5 a6
15. Nc3 e6 16. a4 Nxc3 17. bxc3 b5 18. Bxe6 fxe6 19. Qxe6+ Kh8 20. Nxg6+ hxg6
21. Rd3 Rf5 22. Qxg6 Qf6 23. Rh3+ Kg8 24. Qh7+ Kf8 25. Rh6 Nd7 26. Rxf6+ Rxf6
27. Bg5 Rf7 28. Re1 Nf6 29. Qc2 Rc8 30. axb5 axb5 31. Qb1 Bc6 32. h4 Re8 33.
Rxe8+ Kxe8 34. Bxf6 Bxf6 35. Qa2 Re7 36. Qg8+ Kd7 37. Qg4+ Kd8 38. Qg6 Re6 39.
h5 Be4 40. Qf7 Bd5 41. Qf8+ Kd7 42. Qc5 Bc4 43. h6 Re8 44. g4 Rg8 45. f3 Bd3
46. Qd5+ 1-0

[Event "Superettan(Stockholms SS-Rockaden,Umea)"]
[Site "?"]
[Date "2009.02.07"]
[Round "5"]
[White "Braathen, Tom"]
[Black "Engman, Rickard"]
[Result "0-1"]
[WhiteElo "2111"]
[BlackElo "2212"]
[PlyCount "77"]

1. e4 e5 2. Nf3 Nc6 3. Bb5 a6 4. Ba4 Nf6 5. O-O Be7 6. Re1 b5 7. Bb3 O-O 8. d3
d6 9. c3 Na5 10. Bc2 c5 11. Nbd2 Nd7 12. Nf1 Nb6 13. d4 cxd4 14. cxd4 Nc6 15.
h3 Qc7 16. Ne3 Bf6 17. d5 Nb4 18. Bb1 a5 19. Ng4 Be7 20. Bd2 f5 21. exf5 N4xd5
22. Be4 Bxf5 23. Bxd5+ Nxd5 24. Bxa5 Qb7 25. Bd2 Ra4 26. Ne3 Be4 27. Nxd5 Qxd5
28. Bg5 Bxg5 29. Nxg5 Bxg2 30. Qh5 h6 31. Rad1 Rd4 32. Rxd4 exd4 33. Qg4 hxg5
34. Qxg2 Qxa2 35. Qxg5 Qf7 36. Qh4 Qg6+ 37. Kh2 d3 38. Rg1 Qf5 39. Qg3 0-1

[Event "Superettan(Stockholms SS-Rockaden,Umea)"]
[Site "?"]
[Date "2009.02.07"]
[Round "5"]
[White "Lindgren, Fredrik"]
[Black "Nilsson, Christer"]
[Result "1-0"]
[WhiteElo "2231"]
[BlackElo "2041"]
[PlyCount "77"]

1. d4 Nf6 2. Nf3 g6 3. c4 Bg7 4. Nc3 O-O 5. e4 d6 6. Be2 e5 7. Be3 Na6 8. d5
Nc5 9. Nd2 a5 10. a3 Bd7 11. b4 axb4 12. axb4 Na6 13. Qb3 Ng4 14. Bxg4 Bxg4 15.
O-O f5 16. f3 Bh5 17. c5 f4 18. Bf2 g5 19. h3 Bf7 20. Nc4 Qe7 21. Ra5 h5 22.
Rb5 g4 23. hxg4 hxg4 24. fxg4 Qg5 25. cxd6 Qxg4 26. dxc7 Nxc7 27. Rxb7 Ne8 28.
Bc5 f3 29. Rxf3 Ra1+ 30. Nd1 Bh5 31. Bxf8 Bxf8 32. Rg3 Rxd1+ 33. Kh2 Bh6 34.
Rxg4+ Bxg4 35. Kg3 Be2 36. d6 Bf4+ 37. Kf2 Bd3 38. Nxe5+ Kh8 39. Ng6# 1-0

[Event "Superettan(Stockholms SS-Rockaden,Umea)"]
[Site "?"]
[Date "2009.02.07"]
[Round "5"]
[White "Lindblom, Peter"]
[Black "Larsson, Johan"]
[Result "1-0"]
[WhiteElo "2062"]
[BlackElo "2125"]
[PlyCount "99"]

1. e4 c5 2. Nf3 d6 3. d3 Nc6 4. g3 g6 5. Bg2 Bg7 6. c3 e5 7. O-O Nge7 8. Be3
O-O 9. d4 exd4 10. cxd4 Bg4 11. Qd2 Bxf3 12. Bxf3 Nxd4 13. Bg2 Qd7 14. Nc3 Rae8
15. Rad1 a6 16. f4 f5 17. Rfe1 b6 18. Bf2 fxe4 19. Nxe4 d5 20. Nc3 Rd8 21. Kh1
Rfe8 22. b4 Kh8 23. bxc5 bxc5 24. Qd3 Qc6 25. h3 c4 26. Qd2 Nb5 27. Nxd5 Nxd5
28. Rxe8+ Qxe8 29. Bxd5 Qd7 30. Bb6 Qxh3+ 31. Qh2 Qxh2+ 32. Kxh2 Rd7 33. Re1
Rxd5 34. Re8+ Bf8 35. Rxf8+ Kg7 36. Rc8 Na3 37. Rc7+ Kf6 38. Be3 Rd1 39. Bc5
Rd2+ 40. Kh3 Rxa2 41. Rc6+ Kf5 42. Rxa6 c3 43. Rxa3 c2 44. Rc3 h5 45. Be3 Ke4
46. Bc1 Kd4 47. Ra3 Rxa3 48. Bxa3 Ke3 49. Bc1+ Kf3 50. Kh4 1-0

[Event "Superettan(Schack 08-Wasa)"]
[Site "?"]
[Date "2009.02.07"]
[Round "5"]
[White "Hellborg, Teodor"]
[Black "Renman, Nils-Gustaf"]
[Result "0-1"]
[WhiteElo "2369"]
[BlackElo "2431"]
[PlyCount "162"]
[EventDate "2009.??.??"]

1. d4 e6 2. c4 f5 3. g3 Nf6 4. Bg2 c6 5. d5 cxd5 6. cxd5 e5 7. Nf3 d6 8. Nc3
Be7 9. O-O O-O 10. a3 h6 11. Qb3 Nbd7 12. Bd2 Nc5 13. Qc2 Bd7 14. b4 Nce4 15.
Nxe4 fxe4 16. Nh4 Rc8 17. Qb1 Bb5 18. Ng6 Bxe2 19. Nxf8 Bxf1 20. Ne6 Bd3 21.
Nxd8 Bxb1 22. Nxb7 Bd3 23. Be3 Rc7 24. Na5 Nxd5 25. Rc1 Rxc1+ 26. Bxc1 Bd8 27.
Nc6 Bb6 28. a4 Nc3 29. Be3 Bxe3 30. fxe3 Nxa4 31. Nxa7 Kf7 32. Bh3 Nb6 33. Kf2
d5 34. Nc8 Nxc8 35. Bxc8 Ke7 36. Ke1 d4 37. Kd2 Kd6 38. Bb7 Kc7 39. Bd5 Kb6 40.
Be6 Kb5 41. Bf5 Kxb4 42. h4 Kc5 43. Bh3 Kd6 44. Bc8 Ke7 45. Bf5 Kf6 46. Bd7 Bf1
47. Ke1 Bg2 48. Kd2 Bf3 49. Bc8 Kg6 50. g4 Kf7 51. Bf5 Ke7 52. Bc8 Bg2 53. Bb7
Kd6 54. g5 hxg5 55. hxg5 Bf3 56. Bc8 Ke7 57. Bh3 Kf7 58. Bf5 Bg2 59. Ke2 Bh1
60. Kd2 Bf3 61. Ke1 dxe3 62. Kf1 Ke7 63. Ke1 Kd6 64. Bc8 Kc5 65. Bf5 Kd4 66.
Bg6 Bg4 67. Bh7 e2 68. Kd2 e3+ 69. Ke1 e4 70. Bg8 Ke5 71. g6 Kf6 72. Bd5 Bf3
73. Be6 Bh5 74. Bg4 Bxg6 75. Bf3 Ke5 76. Bg2 Kf4 77. Bf3 Bf5 78. Bg2 Kg3 79.
Bf3 g5 80. Bh5 g4 81. Bf7 Kh2 0-1

[Event "Superettan(Schack 08-Wasa)"]
[Site "?"]
[Date "2009.02.07"]
[Round "5"]
[White "Fredriksson, Leif"]
[Black "Astrom, Goran"]
[Result "1/2-1/2"]
[WhiteElo "2135"]
[BlackElo "2286"]
[PlyCount "37"]
[EventDate "2009.??.??"]

1. e4 c5 2. Nf3 e6 3. d4 cxd4 4. Nxd4 a6 5. Nc3 Qc7 6. Be2 Nf6 7. O-O d6 8. f4
Nc6 9. Nb3 b5 10. a3 Bb7 11. Be3 Be7 12. Bd3 O-O 13. g4 d5 14. e5 Nd7 15. Nd4
Nc5 16. Nce2 Nxd4 17. Nxd4 Rfe8 18. g5 Bf8 19. Qe2 1/2-1/2

[Event "Superettan(Schack 08-Wasa)"]
[Site "?"]
[Date "2009.02.07"]
[Round "5"]
[White "Soderberg, Per"]
[Black "Ottenklev, Niclas"]
[Result "1/2-1/2"]
[WhiteElo "2230"]
[BlackElo "2176"]
[PlyCount "128"]

1. e4 c5 2. Nf3 Nc6 3. Bb5 g6 4. O-O Bg7 5. c3 Nf6 6. Re1 O-O 7. h3 d5 8. e5
Nd7 9. d4 e6 10. a4 a5 11. Bg5 Qc7 12. Na3 Na7 13. Be7 Re8 14. Bd6 Qb6 15. dxc5
Qd8 16. Qd2 Nc6 17. Bf1 b6 18. Nb5 Nxc5 19. Bc7 Qd7 20. Qf4 Ne4 21. Rad1 Qe7
22. Bxb6 g5 23. Qe3 Nxe5 24. Nc7 Bd7 25. Nxe8 Bxe8 26. Bd4 Ng6 27. Bxg7 Kxg7
28. Bd3 Nc5 29. Bxg6 hxg6 30. Rxd5 Nxa4 31. Nxg5 Nxb2 32. Qd4+ Qf6 33. Ne4 Qxd4
34. Rxd4 Bc6 35. Nc5 a4 36. Ra1 a3 37. Rb4 Bd5 38. f3 Nc4 39. Na4 Ne3 40. Nb6
Nc2 41. Rc1 Nxb4 42. Nxa8 Nd3 43. Ra1 Bxa8 44. c4 Bc6 45. Rxa3 Ne5 46. Rc3 g5
47. Kf2 Kf6 48. Ke3 Kf5 49. Rc2 Bb7 50. Rc3 Ba6 51. c5 Bb7 52. Rc2 Bd5 53. Rc3
Nc6 54. Ra3 Ke5 55. Ra6 f6 56. Rb6 Nd4 57. Kd3 f5 58. Rb4 Nc6 59. Rb6 f4 60.
Kc3 Kf5 61. Rb7 Ne5 62. Rb6 Nc4 63. Rb5 Ne5 64. Rb6 Nc6 1/2-1/2

[Event "Superettan(Schack 08-Wasa)"]
[Site "?"]
[Date "2009.02.07"]
[Round "5"]
[White "Faldt, Magnus"]
[Black "Berkell, Peder"]
[Result "1/2-1/2"]
[WhiteElo "2190"]
[BlackElo "2223"]
[PlyCount "78"]

1. d4 Nf6 2. c4 d6 3. Nf3 g6 4. Nc3 Bg7 5. h3 O-O 6. e4 e5 7. d5 Nh5 8. Ng1 Qe8
9. Be2 f5 10. exf5 Nf4 11. Bxf4 exf4 12. fxg6 Qxg6 13. Bf3 Na6 14. Nge2 Nc5 15.
Kf1 a5 16. Kg1 Be5 17. Qd2 Bf5 18. Kh2 Bd3 19. Nb5 Qg7 20. Rad1 Kh8 21. b3 Rae8
22. Rhe1 b6 23. Nbc3 Rg8 24. Rg1 Bxe2 25. Nxe2 Ne4 26. Bxe4 f3+ 27. Ng3 Bxg3+
28. fxg3 Qxg3+ 29. Kh1 Rxe4 30. Qc3+ Rg7 31. Qxf3 Qxf3 32. gxf3 Re3 33. Rxg7
Kxg7 34. Kg2 Re2+ 35. Kg3 Rxa2 36. Re1 Kf7 37. Re3 a4 38. bxa4 Rxa4 39. Re4 Rb4
1/2-1/2

[Event "Superettan(Schack 08-Wasa)"]
[Site "?"]
[Date "2009.02.07"]
[Round "5"]
[White "Nordstrom, Felix"]
[Black "Arvidsson, Tomas"]
[Result "1/2-1/2"]
[WhiteElo "2209"]
[BlackElo "2122"]
[PlyCount "45"]

1. d4 Nf6 2. c4 g6 3. Nc3 Bg7 4. e4 d6 5. f3 O-O 6. Be3 e5 7. Nge2 Nbd7 8. Qd2
c6 9. d5 Nb6 10. b3 cxd5 11. cxd5 Nh5 12. O-O-O f5 13. Kb1 Kh8 14. Nc1 a6 15.
Bd3 Nd7 16. exf5 gxf5 17. g4 fxg4 18. fxg4 Nf4 19. h3 Qa5 20. Bc2 Nc5 21. Ne4
Qxd2 22. Rxd2 Nxe4 23. Bxe4 1/2-1/2

[Event "Superettan(Schack 08-Wasa)"]
[Site "?"]
[Date "2009.02.07"]
[Round "5"]
[White "Dahlqvist, Ulf"]
[Black "Safholm, Sten"]
[Result "1-0"]
[WhiteElo "1934"]
[BlackElo "2007"]
[PlyCount "159"]

1. d4 Nf6 2. Nf3 e6 3. g3 b6 4. Bg2 Bb7 5. O-O Be7 6. c4 O-O 7. d5 exd5 8. Nh4
c6 9. cxd5 cxd5 10. Nc3 Nc6 11. Nf5 Re8 12. Nxe7+ Qxe7 13. Bg5 Qe5 14. Bxf6
Qxf6 15. Nxd5 Qd6 16. Nc3 Qb8 17. Rc1 Re7 18. Qd2 Qe8 19. Rfe1 d6 20. Nd5 Rd7
21. Bh3 f5 22. Bxf5 Rf7 23. Bh3 Qe5 24. f4 Qe4 25. Bg2 Qg6 26. Nxb6 axb6 27.
Bxc6 Qe6 28. Bxb7 Rxb7 29. a3 d5 30. Qd4 Re8 31. Rcd1 Rd7 32. e4 h6 33. f5 Qe7
34. Qxb6 dxe4 35. Qe6+ Qxe6 36. fxe6 Rb7 37. b4 Rxe6 38. Rd4 e3 39. Rd3 e2 40.
Kf2 Rf7+ 41. Rf3 Rxf3+ 42. Kxf3 Ra6 43. Kxe2 Rxa3 44. Rb1 Kf7 45. Rb2 Ke6 46.
b5 Kd7 47. b6 Kc8 48. b7+ Kb8 49. Kf2 Rd3 50. h3 Rc3 51. Rb6 Rd3 52. Re6 Rd7
53. Rb6 Rd3 54. h4 Rc3 55. Kg2 Rd3 56. Rb4 Rc3 57. Kh3 Rc6 58. Kg4 Rc5 59. Re4
Rc7 60. Kf5 Kxb7 61. Kg6 Kc8 62. Re8+ Kd7 63. Rg8 Rc6+ 64. Kxg7 h5 65. Kh7 Ke7
66. Rg5 Rc3 67. Kh6 Kf6 68. Kxh5 Rc8 69. Rg6+ Kf7 70. g4 Rc4 71. Ra6 Kg7 72.
Ra7+ Kh8 73. g5 Rb4 74. Kg6 Rb6+ 75. Kf7 Kh7 76. h5 Rb8 77. g6+ Kh8 78. h6 Rf8+
79. Ke7 Re8+ 80. Kxe8 1-0

[Event "Superettan(Schack 08-Wasa)"]
[Site "?"]
[Date "2009.02.07"]
[Round "5"]
[White "Ranby, Hans"]
[Black "Lofgren, Tomas"]
[Result "1-0"]
[WhiteElo "1994"]
[BlackElo "2013"]
[PlyCount "63"]

1. b3 e5 2. Bb2 Nc6 3. c4 Nf6 4. Nc3 d5 5. cxd5 Nxd5 6. Nf3 Nxc3 7. Bxc3 Bd6 8.
e3 a6 9. Be2 O-O 10. O-O e4 11. Nd4 Ne5 12. f4 exf3 13. Nxf3 Nxf3+ 14. Bxf3 Qh4
15. g3 Qg5 16. Qe2 c6 17. Rf2 Be6 18. Raf1 Rad8 19. Be4 f6 20. Bf5 Bd5 21. Bh3
Rfe8 22. Rf5 Qg6 23. Bg4 Re7 24. Bh5 Qh6 25. Bg4 Be4 26. Rh5 Qg6 27. Bf5 Bxf5
28. Rhxf5 Rde8 29. Qc4+ Kh8 30. Rxf6 Re4 31. Rxg6 Rxc4 32. Rxd6 1-0

[Event "Superettan(Schack 08-Wasa)"]
[Site "?"]
[Date "2009.02.07"]
[Round "5"]
[White "Wiklund, Johan"]
[Black "Hedlund, Lars Ola"]
[Result "1/2-1/2"]
[WhiteElo "1966"]
[BlackElo "1981"]
[PlyCount "52"]

1. Nf3 Nf6 2. c4 e6 3. Nc3 d5 4. d4 c6 5. Bg5 Nbd7 6. e3 Qa5 7. Bxf6 Nxf6 8. a3
Ne4 9. Qb3 Nxc3 10. bxc3 Bd6 11. c5 Bb8 12. Qb4 Qd8 13. Bd3 Qe7 14. O-O f5 15.
Ne5 Bxe5 16. dxe5 O-O 17. f4 Kh8 18. Be2 Rg8 19. g3 g6 20. Kg2 Kg7 21. Rh1 h5
22. h3 Rh8 23. Rag1 b6 24. cxb6 Qxb4 25. axb4 axb6 26. Ra1 Bb7 1/2-1/2

[Event "Superettan(Rockaden II,Sthlm-Vastervik)"]
[Site "?"]
[Date "2009.02.07"]
[Round "5"]
[White "Sternlund, Hakan"]
[Black "Hanninger, Simon"]
[Result "0-1"]
[WhiteElo "2220"]
[BlackElo "2289"]
[PlyCount "82"]

1. c4 e5 2. Nc3 Nc6 3. Nf3 f5 4. d4 e4 5. Ng5 Nf6 6. h4 Bb4 7. e3 Qe7 8. Bd2 d6
9. a3 Bxc3 10. Bxc3 Bd7 11. b4 O-O 12. Qb3 f4 13. Bd2 h6 14. c5+ d5 15. Nh3
fxe3 16. Bxe3 Bg4 17. Nf4 Qf7 18. Be2 Bxe2 19. Nxe2 Ng4 20. Rf1 Ne7 21. O-O-O
Nxe3 22. Qxe3 Nf5 23. Qh3 Qe7 24. Nf4 Qf7 25. Kb2 c6 26. Ne2 Qf6 27. h5 a5 28.
g4 Nh4 29. Ng1 b6 30. Qc3 axb4 31. axb4 b5 32. Ra1 Rxa1 33. Kxa1 Qf4 34. Qh3
Qd2 35. Qa3 Rxf2 36. Rxf2 Qe1+ 37. Ka2 Qxf2+ 38. Kb3 Qxg1 39. Qa8+ Kh7 40. Qxc6
e3 41. Qxd5 Qb1+ 0-1

[Event "Superettan(Rockaden II,Sthlm-Vastervik)"]
[Site "?"]
[Date "2009.02.07"]
[Round "5"]
[White "Ask, Josef"]
[Black "Bryntze, Stefan"]
[Result "1-0"]
[WhiteElo "2224"]
[BlackElo "2222"]
[PlyCount "45"]

1. d4 f5 2. Bg5 Nf6 3. Bxf6 exf6 4. e3 d5 5. Bd3 Nc6 6. a3 Bd6 7. Qf3 f4 8.
Qh5+ Kf8 9. Nc3 fxe3 10. fxe3 Be6 11. Nge2 Qe8 12. Qf3 Rd8 13. O-O Rd7 14. Rae1
Qf7 15. Kh1 Ne7 16. e4 dxe4 17. Nxe4 c6 18. c4 Bxc4 19. Bxc4 Qxc4 20. Nxf6 Rd8
21. Nd5+ Ke8 22. Qf7+ Kd7 23. Nf6+ 1-0

[Event "Superettan(Rockaden II,Sthlm-Vastervik)"]
[Site "?"]
[Date "2009.02.07"]
[Round "5"]
[White "Sandbom, Jonas"]
[Black "Harren, Mats"]
[Result "1-0"]
[WhiteElo "2216"]
[BlackElo "2083"]
[PlyCount "81"]

1. e4 d6 2. d4 Nf6 3. Nc3 Nbd7 4. Nf3 e5 5. Bc4 Be7 6. O-O O-O 7. Re1 c6 8. a4
b6 9. h3 a6 10. d5 cxd5 11. Nxd5 Bb7 12. Nxe7+ Qxe7 13. Bg5 h6 14. Bxf6 Nxf6
15. Qd3 Qc7 16. Rad1 d5 17. exd5 e4 18. Rxe4 Nxe4 19. Qxe4 Rfe8 20. Qd3 Rad8
21. Bb3 Qf4 22. c4 a5 23. Bc2 g6 24. Qd4 Qd6 25. Nd2 f5 26. f4 Qb4 27. Nf3 Rd6
28. Ne5 Rf6 29. Nd7 Rd6 30. Nf6+ Rxf6 31. Qxf6 Re1+ 32. Rxe1 Qxe1+ 33. Kh2 Qe8
34. Qxb6 Bc8 35. Qxa5 g5 36. Qd2 g4 37. c5 gxh3 38. gxh3 h5 39. b4 h4 40. b5
Kh8 41. Qf2 1-0

[Event "Superettan(Rockaden II,Sthlm-Vastervik)"]
[Site "?"]
[Date "2009.02.07"]
[Round "5"]
[White "Karlsson, Jorgen"]
[Black "Berggren, Jonathan"]
[Result "0-1"]
[WhiteElo "2179"]
[BlackElo "2215"]
[PlyCount "75"]

1. e4 c5 2. Nf3 e6 3. c3 Nf6 4. Bd3 Nc6 5. Bc2 Qc7 6. O-O d5 7. d3 Be7 8. Nbd2
O-O 9. Re1 dxe4 10. dxe4 e5 11. Nf1 Be6 12. Ne3 Rfd8 13. Qe2 h6 14. g3 Rab8 15.
Nh4 b5 16. Nhf5 Bf8 17. Qf3 Ne8 18. Qh5 g6 19. Nxh6+ Kh7 20. Qf3 Bxh6 21. g4
Bg7 22. Nf5 f6 23. g5 gxf5 24. exf5 Bd5 25. Qg4 Kg8 26. h4 Qf7 27. Be3 e4 28.
Bf4 Nd6 29. g6 Qd7 30. Rad1 Ne7 31. h5 Qxf5 32. Qxf5 Ndxf5 33. Bxb8 Rxb8 34.
Bxe4 Bxa2 35. Rd7 a5 36. Red1 b4 37. Ra7 Be6 38. Rxa5 0-1

[Event "Superettan(Rockaden II,Sthlm-Vastervik)"]
[Site "?"]
[Date "2009.02.07"]
[Round "5"]
[White "Backman, Michael"]
[Black "Elenius, Erik"]
[Result "1-0"]
[WhiteElo "2178"]
[BlackElo "2051"]
[PlyCount "89"]

1. d4 Nf6 2. c4 c5 3. d5 e6 4. Nc3 exd5 5. cxd5 d6 6. e4 g6 7. Bd3 Bg7 8. Nge2
O-O 9. O-O Re8 10. f3 a6 11. Rb1 Nbd7 12. Kh1 Ne5 13. Bc2 b5 14. b4 Nfd7 15. a4
cxb4 16. Rxb4 a5 17. Rxb5 Ba6 18. Rb1 Rc8 19. Nb5 Bxb5 20. Rxb5 Nc5 21. Bb2 Bh6
22. Bc3 Ra8 23. f4 Ned7 24. e5 f5 25. e6 Nf6 26. Ng3 Ra7 27. Qd2 Ng4 28. h3 Qh4
29. Rf3 Bg7 30. Bxg7 Rxg7 31. Kg1 Nf6 32. Rxa5 Nfe4 33. Bxe4 fxe4 34. Rf1 Rf8
35. Kh2 h5 36. Qd4 Qe7 37. Rb5 Rf5 38. Nxe4 Nxe4 39. Qxe4 Kh7 40. Rfb1 Kh6 41.
Rb7 Qf8 42. e7 Qe8 43. Rb8 Qxe7 44. Rh8+ Rh7 45. Qxe7 1-0

[Event "Superettan(Rockaden II,Sthlm-Vastervik)"]
[Site "?"]
[Date "2009.02.07"]
[Round "5"]
[White "Nilsson, Victor"]
[Black "Revelj, Oskar"]
[Result "1/2-1/2"]
[WhiteElo "2139"]
[BlackElo "2169"]
[PlyCount "101"]

1. d4 Nf6 2. Nf3 e6 3. g3 b6 4. Bg2 Bb7 5. O-O c5 6. dxc5 Bxc5 7. c4 O-O 8. Nc3
Be7 9. Bf4 d6 10. Rc1 h6 11. Qc2 a6 12. Rfd1 Qc7 13. b3 Rd8 14. e4 Nbd7 15. a4
Rac8 16. h3 Qb8 17. Nd4 Ne5 18. Qb1 Bf8 19. Be3 Ned7 20. f4 Qa8 21. Bf2 Nc5 22.
Re1 g6 23. b4 Ncd7 24. Bf1 Bg7 25. Bd3 e5 26. Nf3 Re8 27. fxe5 dxe5 28. Nd5
Bxd5 29. cxd5 Rxc1 30. Rxc1 Rc8 31. Rc2 Bf8 32. Qc1 Rxc2 33. Qxc2 Bxb4 34. Qc6
Qb8 35. Bxa6 Bc5 36. Bd3 Bxf2+ 37. Kxf2 Qa7 38. Ke2 Kg7 39. g4 Qb8 40. d6 Qa7
41. Bb5 Qa5 42. Qc4 Qa8 43. h4 Nxe4 44. Bxd7 Nxd6 45. Qd3 Ne4 46. Nxe5 Nc5 47.
Qc3 Qg2+ 48. Ke1 Qh1+ 49. Ke2 Qg2+ 50. Ke1 Qh1+ 51. Ke2 1/2-1/2

[Event "Superettan(Rockaden II,Sthlm-Vastervik)"]
[Site "?"]
[Date "2009.02.07"]
[Round "5"]
[White "Eriksson, Dan"]
[Black "Broddefalk, Arvid"]
[Result "1/2-1/2"]
[WhiteElo "2131"]
[BlackElo "1997"]
[PlyCount "92"]

1. e4 Nf6 2. e5 Nd5 3. d4 d6 4. Nf3 dxe5 5. Nxe5 c6 6. Bd3 Nd7 7. a3 g6 8. O-O
Bg7 9. Re1 Nxe5 10. dxe5 O-O 11. Bd2 Be6 12. Nc3 Nxc3 13. Bxc3 Qd7 14. Qe2 Rad8
15. Qe3 b6 16. a4 Bf5 17. Red1 Bxd3 18. Rxd3 Qe6 19. a5 Rxd3 20. Qxd3 f6 21. a6
Qd5 22. Qxd5+ cxd5 23. e6 f5 24. Bb4 Bxb2 25. Rd1 d4 26. Kf1 Rc8 27. Bxe7 Re8
28. Bd6 Rxe6 29. Bb8 b5 30. Rb1 Bc3 31. Bxa7 Rxa6 32. Bc5 Ra2 33. Rxb5 Rxc2 34.
Rb7 d3 35. Be3 Ra2 36. Rb1 Kf7 37. Rd1 Ra1 38. Rxa1 Bxa1 39. Ke1 Bc3+ 40. Bd2
Bd4 41. Be3 Bc3+ 42. Bd2 Be5 43. f4 Bd4 44. Bc1 Bc3+ 45. Bd2 Bd4 46. Bc1 Bc3+
1/2-1/2

[Event "Superettan(Rodeby-Eksjo)"]
[Site "?"]
[Date "2009.02.07"]
[Round "5"]
[White "Vernersson, Per"]
[Black "Svensson, Anders"]
[Result "0-1"]
[WhiteElo "2471"]
[BlackElo "2334"]
[PlyCount "110"]

1. d4 d5 2. c4 c6 3. Nf3 Nf6 4. Nc3 dxc4 5. a4 Na6 6. Ne5 Ng4 7. Nxc4 e5 8.
Nxe5 Nxe5 9. dxe5 Qxd1+ 10. Nxd1 Nb4 11. Ne3 Be6 12. a5 Bc5 13. Bd2 O-O-O 14.
Rc1 Be7 15. b3 Rxd2 16. Kxd2 Rd8+ 17. Kc3 Na2+ 18. Kc2 Nxc1 19. Kxc1 Bxb3 20.
Kb2 Be6 21. Kc3 Bc5 22. g3 Bd4+ 23. Kc2 Bxe5 24. Bg2 Bd4 25. a6 b6 26. Bxc6
Bxe3 27. Bb7+ Kc7 28. fxe3 Bd5 29. Rf1 f6 30. Bxd5 Rxd5 31. e4 Ra5 32. Kc3 Kd6
33. Rd1+ Ke7 34. Rd5 Rxa6 35. Rh5 h6 36. e5 Ra3+ 37. Kd2 Ra2+ 38. Kd3 Rb2 39.
exf6+ Kxf6 40. g4 a5 41. Rf5+ Ke6 42. Rf8 b5 43. Ra8 a4 44. Ra7 Kf6 45. h4 Rb3+
46. Ke4 a3 47. Ra6+ Ke7 48. Kf5 Re3 49. Kf4 Rc3 50. Kf5 b4 51. Kg6 Rc4 52. Kxg7
Rxg4+ 53. Kxh6 Rxh4+ 54. Kg5 Rh1 55. Kf5 Ra1 0-1

[Event "Superettan(Rodeby-Eksjo)"]
[Site "?"]
[Date "2009.02.07"]
[Round "5"]
[White "Greiff, Hakan"]
[Black "Ornstein, Axel"]
[Result "0-1"]
[WhiteElo "2282"]
[BlackElo "2448"]
[PlyCount "56"]

1. e4 c5 2. Nf3 d6 3. d4 cxd4 4. Nxd4 Nf6 5. Nc3 Nc6 6. Bg5 e6 7. Qd2 Qb6 8.
O-O-O Nxd4 9. Qxd4 Qxd4 10. Rxd4 a6 11. f3 Bd7 12. Bc4 h6 13. Be3 Bc6 14. Rd2
Be7 15. Bb3 O-O 16. Bf4 Rfd8 17. Rhd1 Ne8 18. Ne2 Bg5 19. Bxg5 hxg5 20. e5 d5
21. c4 Rdc8 22. Rc2 dxc4 23. Bxc4 Kf8 24. Rd4 Nc7 25. Nc3 Ke7 26. Rg4 f6 27. f4
Rh8 28. g3 Bf3 0-1

[Event "Superettan(Rodeby-Eksjo)"]
[Site "?"]
[Date "2009.02.07"]
[Round "5"]
[White "de Verdier, Michael"]
[Black "Wahlbom, Magnus"]
[Result "1/2-1/2"]
[WhiteElo "2300"]
[BlackElo "2240"]
[PlyCount "92"]

1. Nf3 c5 2. c4 Nc6 3. Nc3 Nf6 4. g3 g6 5. Bg2 Bg7 6. O-O d5 7. d4 dxc4 8. dxc5
Qa5 9. Nd4 O-O 10. Nxc6 bxc6 11. Qa4 Qxc5 12. Qxc6 Qxc6 13. Bxc6 Rb8 14. Rd1
Be6 15. Rd2 Rfc8 16. Bf3 Kf8 17. Rc2 Nd7 18. Be4 Nc5 19. Bd5 Bxd5 20. Nxd5 Na4
21. Nc3 Nxb2 22. Rb1 Nd3 23. exd3 cxd3 24. Rxb8 Rxb8 25. Rd2 Bxc3 26. Rxd3 Ba5
27. Be3 Rb1+ 28. Kg2 Bb6 29. Bxb6 axb6 30. Rd7 Rb2 31. Rb7 g5 32. a4 Rb4 33.
Ra7 Kg7 34. a5 bxa5 35. Rxe7 Ra4 36. Ra7 Ra1 37. Kf3 h5 38. h3 Kg6 39. Ra8 a4
40. Rg8+ Kf6 41. Rh8 Kg6 42. Ra8 f6 43. Ra7 a3 44. g4 h4 45. Kg2 a2 46. Kh2 Kh6
1/2-1/2

[Event "Superettan(Rodeby-Eksjo)"]
[Site "?"]
[Date "2009.02.07"]
[Round "5"]
[White "Laksman, Efraim"]
[Black "Krantz, Christopher"]
[Result "1/2-1/2"]
[WhiteElo "2219"]
[BlackElo "2271"]
[PlyCount "84"]

1. c4 c5 2. Nf3 Nf6 3. Nc3 d5 4. cxd5 Nxd5 5. e3 e6 6. Ne5 Nxc3 7. bxc3 Nd7 8.
Bb5 Bd6 9. Nxd7 Bxd7 10. Qa4 a6 11. Bxd7+ Qxd7 12. Qxd7+ Kxd7 13. d4 Rhc8 14.
Bd2 cxd4 15. cxd4 Rc2 16. Ke2 Bb4 17. Rhd1 Rac8 18. Kd3 Bxd2 19. Rxd2 R8c3+ 20.
Ke2 b5 21. Rb1 Kc6 22. Rb2 Rxb2 23. Rxb2 Kd5 24. h4 f5 25. Kf3 Rc4 26. h5 b4
27. Rd2 Rc1 28. Kf4 a5 29. g4 g6 30. hxg6 hxg6 31. gxf5 gxf5 32. f3 a4 33. e4+
fxe4 34. fxe4+ Kc4 35. d5 exd5 36. exd5 b3 37. axb3+ axb3 38. d6 Rf1+ 39. Ke5
Rf8 40. d7 Rd8 41. Ke6 Kc3 42. Rd6 b2 1/2-1/2

[Event "Superettan(Rodeby-Eksjo)"]
[Site "?"]
[Date "2009.02.07"]
[Round "5"]
[White "Andersson, Johan"]
[Black "Ostling, Hakan"]
[Result "1-0"]
[WhiteElo "2127"]
[BlackElo "2216"]
[PlyCount "81"]

1. e4 g6 2. d4 Bg7 3. Nc3 d6 4. f4 a6 5. Nf3 b5 6. Bd3 Nd7 7. e5 c5 8. Be4 Rb8
9. O-O cxd4 10. Nxd4 dxe5 11. Nc6 Qb6+ 12. Kh1 Ngf6 13. Nxb8 Qxb8 14. fxe5 Nxe5
15. Bf4 Nxe4 16. Nxe4 Qb6 17. Qe2 O-O 18. Rae1 Ng4 19. h3 Nh6 20. Ng3 Be6 21.
Qd2 Rd8 22. Qc1 Nf5 23. Nxf5 Bxf5 24. Rxe7 Qc5 25. Rfe1 Be6 26. Rc7 Qd5 27. Kh2
Bd4 28. Rd1 Qe4 29. Rc3 Bd5 30. Rg3 Bf2 31. Rf3 Bd4 32. Re1 Qf5 33. Rff1 Rc8
34. c3 Bf6 35. Qe3 Qd7 36. Bh6 Bg7 37. Bxg7 Kxg7 38. Qd4+ Kg8 39. Re5 Rd8 40.
Rd1 Qc7 41. Kg1 1-0